Statistics for Most Capped Footballers for Ukraine

Click here to take the quiz!

General Stats

  • This quiz has been taken 47 times
  • The average score is 6 of 25

Answer Stats

CapsYearsAnswer% Correct
1111995-2012Andriy Shevchenko
100%
952007-Andriy Pyatov
61%
922009-Andriy Yarmolenko
61%
862010-Yevhen Konoplyanka
50%
751992-2006Serhiy Rebrov
37%
1442000-2016Anatoliy Tymoschuk
32%
742002-2012Andriy Voronin
29%
542009-2018Yaroslav Rakytskyi
29%
921994-2012Oleksandr Shovkovskyi
24%
582010-Taras Stepanenko
24%
1002003-2018Ruslan Rotan
21%
982003-2016Oleh Husyev
16%
711993-2006Andriy Husin
13%
521992-2003Oleh Luzhnyi
11%
672000-2009Andriy Nesmachnyi
8%
682000-2008Andriy Vorobey
5%
572006-2017Oleksandr Kucher
5%
562003-2012Serhiy Nazarenko
5%
541993-2003Serhiy Popov
5%
512009-2018Yevhen Khacheridi
5%
532010-2016Artem Fedetskyi
3%
581995-2004Oleksandr Holovko
3%
631996-2007Vladyslav Vashchuk
3%
562003-2016Vyacheslav Shevchuk
3%
582008-2018Yevhen Seleznyov
3%

Score Distribution

Percentile by Number Answered

Percent of People with Each Score

Your Score History

You have not taken this quiz